Primer informe de labores [de Miguel Angel Aguayo López] /

Guardado en:
書目詳細資料
企業作者: Universidad de Colima. Rector. 2005- (Aguayo López)
其他作者: Aguayo López, Miguel Angel (autor) (autor)
格式: 圖書
語言:西班牙语
主題:
標簽: 添加標簽
沒有標簽, 成為第一個標記此記錄!

MARC

LEADER 00000nam^a2200000^a^4500
001 000186898
005 20250521000000.0
009 20260310102243.736
037 |a Acervo ITESO - Biblioteca 
041 |a ESP 
082 |a 378. 72362  |b UNI UCOL-ir 2005 
110 |a Universidad de Colima.  |b Rector. 2005- (Aguayo López) 
240 1 1 |a [Informe de Rector] 
245 1 0 |a Primer informe de labores [de Miguel Angel Aguayo López] /  |c M.A. Aguayo López. 
264 |a Colima, México :  |b Universidad de Colima,  |c 2005 
300 |a 40 p. 
336 |a texto  |b txt  |2 rdacontenido 
337 |a sin mediación  |b n  |2 rdamedio 
338 |a volumen  |b nc  |2 rdasoporte 
649 |a XX 
650 |a Informes Escolares 
650 |a Autoridades Escolares -  |x Informes 
650 |a Administración Educativa 
650 |a Universidad de Colima 
650 |a Universidades Públicas -  |z Colima (Ciudad) 
650 |a Universidades Públicas -  |z México 
650 |a Instituciones Educativas -  |z Colima (Ciudad) 
650 |a Instituciones Educativas -  |z México 
650 |a Educación Pública -  |z Colima (Ciudad) 
650 |a Educación Pública -  |z México 
650 |a Educación Superior -  |z Colima (Ciudad) 
650 |a Educación Superior -  |z México 
700 |a Aguayo López, Miguel Angel  |e (autor) 
910 |a Fondo General 
920 |a Impresos - Libros 
930 |a Colección General 
905 |a 101 
901 |a 0500128809  |b IT1  |c ACC  |u 20250521 
902 |a https://opac.biblio.iteso.mx/vufind/Record/000186898